00696nam a2200205 i 4500001000700000003000900007005001700016007000300033008004100036080001400077100003300091245010100124260004600225300002100271490004800292650004000340700003000380830004800410852003200458146101ES-MaACL20230906201421.0t|070731s1982 sp ||||1| spa d a615.734.91 aTorres del Solar, Felipe de.13aEl agua muerta como fuente de vida / cpor Felipe de Torres del Solar y Carmen Caraballo Ortega. aZaragoza : bLibrería General, c[1982] a55 p. ; c19 cm.1 aColección de Vitacultura y Antroponomía14aAgua destilada-xUso terapéutico.1 aCaraballo Ortega, Carmen.0 aColección de Vitacultura y Antroponomía aES-MaACLjL-2902 bR.103379